000 00361nam a2200145Ia 4500
008 150201s2009 xx 000 0 und d
082 _a610.734
_bB09C
100 _aCLEMENT, I.
245 _aBASICS CONCEPTS OF COMMUNITY HEALTH NURSING
250 _a2ND
260 _bJAYPEE
_aDELHI
_c2009
300 _a623
650 _aCOMMUNITy NURSING
942 _2ddc
_cBK
_04
999 _c2301
_d2301